| 000 | 00764nam a22002177a 4500 | ||
|---|---|---|---|
| 999 |
_c158204 _d158204 |
||
| 005 | 20181020143738.0 | ||
| 010 | _aENG-124342 | ||
| 020 |
_a9789353066291 _c499.00 |
||
| 035 | _aEN-107874 | ||
| 037 | _bDBAD/PUB | ||
| 082 | _a658.83 | ||
| 100 | _aVenkatesan, Rajkumar | ||
| 245 |
_aCudtting-edge marketing analytics: _cby Rajkumar Venkatesan; Paul Farris [and] Ronald T. Wilcox _breal world cases and data sets for hands on learning / |
||
| 260 |
_aNoida _bPearson _c2019 |
||
| 270 |
_a15th Floor, Tower B, Worls Trade Tower, Plot No.1, Block -C _bNoida (UP) _e201301 |
||
| 300 |
_axix,300p. _c25cm.(pbk) _bill. |
||
| 500 | _aIt includes index | ||
| 700 | _aFarris, Paul | ||
| 700 | _aWilcox, Ronald T. | ||
| 942 |
_2ddc _cEN _h658.83 _mVEN |
||